000 00321nam a2200121Ia 4500
008 220204s9999 xx 000 0 und d
082 _a028.2875
_bPLE
245 4 _aThe Chemistry of cationic polymerization
260 _aOxford
_bPergamon
_c1963
650 _aCationic polymerization
700 _aPlesch, P H
942 _cBK
999 _c20601
_d20601